Patterns of rural to urban migration: a case study of dakshina kannada district (Record no. 215142)
[ view plain ]
| 000 -LEADER | |
|---|---|
| fixed length control field | 00950nam a2200217Ia 4500 |
| 003 - CONTROL NUMBER IDENTIFIER | |
| control field | OSt |
| 005 - DATE AND TIME OF LATEST TRANSACTION | |
| control field | 20241109104636.0 |
| 008 - FIXED-LENGTH DATA ELEMENTS--GENERAL INFORMATION | |
| fixed length control field | 210719s2001 xx 000 0 und d |
| 040 ## - CATALOGING SOURCE | |
| Transcribing agency | AL |
| 041 ## - LANGUAGE CODE | |
| Language code of text/sound track or separate title | eng |
| 082 ## - DEWEY DECIMAL CLASSIFICATION NUMBER | |
| Classification number | 304.8 LOBP |
| 100 ## - MAIN ENTRY--PERSONAL NAME | |
| Personal name | LOBO (Norbert) |
| 9 (RLIN) | 184212 |
| 245 ## - TITLE STATEMENT | |
| Title | Patterns of rural to urban migration: a case study of dakshina kannada district |
| 260 ## - PUBLICATION, DISTRIBUTION, ETC. | |
| Place of publication, distribution, etc. | Mangalore |
| Name of publisher, distributor, etc. | Mangalore University, Mangalgangotri., |
| Date of publication, distribution, etc. | 2001 |
| 300 ## - PHYSICAL DESCRIPTION | |
| Extent | xv,426 |
| Other physical details | HB |
| 520 ## - SUMMARY, ETC. | |
| Summary, etc. | 'Patterns of rural to urban migration: a case study of Dakshina kannada district ' by Norbert Lobo. A Thesis submitted to the Department of studies and research in Economics, Mangalore University, for the award of DOCTOR OF PHILOSOPHY (Economics) |
| 650 ## - SUBJECT ADDED ENTRY--TOPICAL TERM | |
| Topical term or geographic name entry element | Thesises |
| 9 (RLIN) | 184213 |
| 650 ## - SUBJECT ADDED ENTRY--TOPICAL TERM | |
| Topical term or geographic name entry element | South Kanara /South Canara |
| 9 (RLIN) | 184214 |
| 906 ## - LOCAL DATA ELEMENT F, LDF (RLIN) | |
| a | a ; case ; dakshina ; district ; kannada ; migration: ; of ; Patterns ; rural ; study ; Thesis ; to ; urban |
| 942 ## - ADDED ENTRY ELEMENTS (KOHA) | |
| Source of classification or shelving scheme | Dewey Decimal Classification |
| Koha item type | Book |
| Withdrawn status | Lost status | Source of classification or shelving scheme | Damaged status | Not for loan | Collection code | Home library | Current library | Date acquired | Total Checkouts | Full call number | Barcode | Date last seen | Price effective from | Koha item type |
|---|---|---|---|---|---|---|---|---|---|---|---|---|---|---|
| Dewey Decimal Classification | Restricted Book | Economics | St Aloysius Library | St Aloysius Library | 12/29/2009 | 304.8 LOBP | D03758 | 07/19/2021 | 07/19/2021 | Donated Books |